00815nam a22001697a 4500008004100000040005500041080002500096245008800121260007100209300001100280650001100291653001400302942001300316999001700329952015100346952014800497230531b |||||||| |||| 00| 0 eng d aNational Science LibrarycNational Science Library a615.78(082.2) bK6.1 aCNS drugs: bA symposium held at the regional research laboratory Hyderabad, India  aNew Delhi: bCouncil of Scientific & Industrial Research, c367p.  a367p.  aDrugs  aResearch  2udccREF c37055d37055 00102udc406615780822_K6170956177aNSLbNSLcGF/Rk-12/C-2/R-1d2023-05-31l0o615.78(082.2) K6.1p65617r2023-05-31 00:00:00w2023-05-31yREF 00102udc406615780822_K670956179aNSLbNSLcGF/Rk-12/C-2/R-1d2023-05-31l0o615.78(082.2) K6p19315r2023-05-31 00:00:00w2023-05-31yREF